• 首页
  • 本馆介绍
  • 公告通知
  • 最新文献
  • 馆藏检索
  • 电子资源
  • 读者导购
  • 参考咨询
  • 我的图书馆
  • 登录
  • 详细信息显示
  • 放入我的书架
  • 预约/预借图书
  • 作者相关作品
  • 分类相关作品
  • 丛书相关作品
  • 出版社相关作品

书目信息

  • 表格格式
  • 工作单格式
  • 卡片格式
题名:
计算机组装与维护
    
 
作者: 蔡飓 , 孙菲 主编
分册:  
出版信息: 北京   人民邮电出版社  2020.12
页数: 268页
开本: 26cm
丛书名:
单 册:
中图分类: TP305 , TP306.3
科图分类:
主题词: 电子计算机--组装 , 计算机维护
电子资源:
ISBN: 978-7-115-46905-2
000 01114nam0 2200265 45
001 012001001080
005 20140912153730.0
010    @a978-7-115-46905-2@dCNY49.80
100    @a20180515d2018 em y0chiy50 ea
101 0  @achi
102    @aCN@b110000
105    @aa z 000yy
106    @ar
200 1  @a计算机组装与维护@Aji suan ji zu zhuang yu wei hu@b专著@e慕课版@f蔡飓,孙菲主编
210    @a北京@c人民邮电出版社@d2020.12
215    @a268页@c图,照片@d26cm
330    @a本书以案例的形式全面地介绍计算机组装与维护的方法和技巧。全书分为12章,主要介绍计算机的类型与组成、计算机的各种主要硬件设备、计算机的各种周边设备、组装一台计算机、设置UEFI BIOS和传统的BIOS、对各种容量的硬盘进行分区和格式化、安装操作系统、安装驱动程序、安装常用软件、备份与优化操作系统、搭建虚拟计算机测试平台并测试计算机的性能、计算机的日常维护、计算机的安全维护、排除计算机的常见故障。
606 0  @a电子计算机@x组装
606 0  @a计算机维护
690    @aTP305@v5
690    @aTP306.3@v5
701  0 @a蔡飓@Acai ju@4主编
701  0 @a孙菲@Asun fei@4主编
801  0 @aCN@bBJSDL@c20211011
905    @b1332964-7@dTP305@e1304@f4
    
    计算机组装与维护:慕课版/蔡飓,孙菲主编.-北京:人民邮电出版社,2020.12
    268页:图,照片;26cm
    
    
    ISBN 978-7-115-46905-2:CNY49.80
    本书以案例的形式全面地介绍计算机组装与维护的方法和技巧。全书分为12章,主要介绍计算机的类型与组成、计算机的各种主要硬件设备、计算机的各种周边设备、组装一台计算机、设置UEFI BIOS和传统的BIOS、对各种容量的硬盘进行分区和格式化、安装操作系统、安装驱动程序、安装常用软件、备份与优化操作系统、搭建虚拟计算机测试平台并测试计算机的性能、计算机的日常维护、计算机的安全维护、排除计算机的常见故障。
●
相关链接 在E读中查询图书 在五车中查询图书 在当当中查询图书 在豆瓣中查询图书


正题名:计算机组装与维护     索取号:TP305/1304         预约/预借

序号 登录号 条形码 馆藏地/架位号 状态 备注
1 1332964   213329646   第二样本阅览室/ [索取号:TP305/1304] 在馆    
2 1332965   213329655   第三借阅区/ [索取号:TP305/1304] 在馆    
3 1332966   213329664   第三借阅区/ [索取号:TP305/1304] 在馆    
4 1332967   213329673   第三借阅区/ [索取号:TP305/1304] 在馆    
唐山师范学院图书馆 欢迎您!
大连网信软件有限公司© 版权所有